| 000 -CABECERA |
| fixed length control field |
01006nam a22002657a 4500 |
| 003 - IDENTIFICADOR DEL NÚMERO DE CONTROL |
| control field |
AR-CdUCM |
| 008 - DATOS DE LONGITUD FIJA--INFORMACIÓN GENERAL |
| fixed length control field |
190319b ||||| |||| 00| 0 spa d |
| 020 ## - NÚMERO INTERNACIONAL ESTÁNDAR DEL LIBRO |
| ISBN |
84-205-0614-1 |
| 020 ## - NÚMERO INTERNACIONAL ESTÁNDAR DEL LIBRO |
| ISBN |
0-07-067651-8 |
| 040 ## - FUENTE DE LA CATALOGACIÓN |
| Agencia/entidad que catalogó originalmente la obra |
MUNICIPALIDAD PROVINCIAL DEL CUSCO |
| Entidad que transcribió la catalogación |
BIBLIOTECA MUNICIPAL DEL CUSCO |
| 082 ## - NÚMERO DE LA CLASIFICACIÓN DECIMAL DEWEY |
| No. de Clasificación |
508 / |
| Notacion interna |
W13 |
| 100 ## - ENTRADA PRINCIPAL--NOMBRE DE PERSONA |
| Nombre Personal |
Wadsworth, G. P. |
| 245 ## - MENCIÓN DE TÍTULO |
| Título |
Aplicaciones de la teoria de probabilidades y variables aleatorias / |
| 260 ## - PUBLICACIÓN, DISTRIBUCIÓN, ETC. |
| Lugar de publicación, distribución, etc. |
Madrid : |
| Nombre de la editorial, distribuidor, etc. |
Alhambra, |
| Fecha de publicación, distribución, etc. |
1979. |
| 300 ## - DESCRIPCIÓN FÍSICA |
| Nº de Páginas Extensión |
618 paginas ; |
| Otros detalles físicos |
ilustraciones, graficos, tablas, dibujos, formulas |
| Dimensiones |
20cm. |
| 440 ## - MENCIÓN DE SERIE/PUNTO DE ACCESO ADICIONAL--TÍTULO |
| Título |
Exedra - ciencia tecnica ingenieria |
| Número de la parte/sección de una obra |
126 |
| 9 (RLIN) |
19075 |
| 505 ## - NOTA DE CONTENIDO CON FORMATO |
| Nota de contenido formateada |
Contenido: Conceptos probabilisticos -- variables aleatorias -- probabilidad y ecuaciones -- distribuciones descompuestas -- esperanza matematica... |
| 650 ## - PUNTO DE ACCESO ADICIONAL DE MATERIA--TÉRMINO DE MATERIA |
| Descriptor |
Matematicas |
| 9 (RLIN) |
9398 |
| 650 ## - PUNTO DE ACCESO ADICIONAL DE MATERIA--TÉRMINO DE MATERIA |
| Descriptor |
Probabilidades |
| 9 (RLIN) |
16891 |
| 650 ## - PUNTO DE ACCESO ADICIONAL DE MATERIA--TÉRMINO DE MATERIA |
| Descriptor |
Ecuaciones |
| 9 (RLIN) |
19076 |
| 650 ## - PUNTO DE ACCESO ADICIONAL DE MATERIA--TÉRMINO DE MATERIA |
| Descriptor |
Variables |
| 9 (RLIN) |
6327 |
| 700 ## - PUNTO DE ACCESO ADICIONAL--NOMBRE DE PERSONA |
| Nombre Personal |
Bryan, J. G. |
| 9 (RLIN) |
19077 |
| 942 ## - ELEMENTOS DE PUNTO DE ACCESO ADICIONAL (KOHA) |
| Fuente de clasificación |
|
| Tipo de item |
Libros-BMC |
| 945 ## - PROCESAMIENTO DE INFORMACIÓN LOCAL (OCLC) |
| Catalogador |
pjha |